| 000 | 00559nam a2200181 4500 | ||
|---|---|---|---|
| 001 | 113898 | ||
| 003 | ES-MaACL | ||
| 007 | t| | ||
| 008 | 061121s1968 sp r ||||1| spa d | ||
| 100 | 1 |
_aPage, Bruce. _988261 |
|
| 245 | 1 | 0 |
_aPhilby _b: el espía que engañó a una generación / _cBruce Page, David Leitch, Phillip Knightley. |
| 250 | _a[1ª ed.]. | ||
| 260 |
_aBarcelona : _bDestino, _c1968. |
||
| 300 |
_a301 p. 8 láms. ; _c25 cm. |
||
| 700 | 1 |
_aLeitch, David. _971400 |
|
| 700 | 1 |
_aKnightley, Phillip. _968351 |
|
| 852 |
_aES-MaACL _jG-5444 _bR.66161 |
||
| 999 |
_c113898 _d113898 |
||